| 000 | 01120cam a2200277 i 4500 | ||
|---|---|---|---|
| 001 | 4160910 | ||
| 003 | NUST - PNEC | ||
| 005 | 20170116181147.0 | ||
| 008 | 780822s1977 enka b 100 0 eng | ||
| 010 | _a 78311693 | ||
| 015 | _aGB*** | ||
| 020 |
_a0852983700 _c£17.00 |
||
| 040 | _cLIBRARY | ||
| 050 | 0 | 0 |
_aTJ275 _b.S823 |
| 082 | 0 | 0 | _a621.1 STE |
| 100 |
_915135 _aGroup Steam Plant |
||
| 245 | 0 | 0 |
_aSteam at work : _bindustrial and marine steam plant : convention / _csponsored by the Steam Plant Group of the Institution of Mechanical Engineers, Royal Naval Engineering College, Manadon, Plymouth, 10-12 May, 1977. |
| 260 |
_aLondon ; _aNew York : _bMechnical Engineering Publications for the Institution of Mechanical Engineers, _c1977. |
||
| 300 |
_a152 p. : _bill. ; _c31 cm. |
||
| 490 | 1 | _aI. Mech. E. conference publications ; 1977-3 | |
| 504 | _aIncludes bibliographical references. | ||
| 650 | 0 |
_aSteam engineering _xCongresses. |
|
| 710 | 2 |
_aInstitution of Mechanical Engineers (Great Britain). _bSteam Plant Group. |
|
| 830 | 0 |
_aI Mech E conference publications ; _v1977-3. |
|
| 942 |
_2ddc _cBK |
||
| 999 |
_c70781 _d70781 |
||